Bilecik Bilecik Bilecik Bilecik Bilecik

Gençlik çağı: ruh sağlığı ve ruhsal sorunları/ (Record no. 65623)

MARC details
000 -BAŞLIK
Sabit Uzunluktaki Kontrol Alanı 01108nam a22003257a 4500
001 - KONTROL NUMARASI
Control Dosyası 0065288
003 - KONTROL NUMARASI KİMLİĞİ
Kontrol Alanı KOHA_MİRAKIL
005 - EN SON İŞLEM TARİHİ ve ZAMANI
Kontrol Alanı 20260207004556.0
007 - FİZİKSEL TANIM SABİT ALAN - GENEL BİLGİ
Sabit uzunluklu kontrol alanı ta
008 - SABİT UZUNLUKTAKİ VERİ ÖGELERİ - GENEL BİLGİ
Sabit Alan 200129b1986 tu |||gr||||#||||0|tur |
040 ## - KATALOGLAMA KAYNAĞI
Özgün Kataloglama Kurumu TR-BiSEU
Kataloglama Dili tur
Çeviri Kurumu TR-BiSEU
Açıklama Kuralları rda
041 0# - DİL KODU
Metin ya da ses kaydının dil kodu tur
044 ## - YAYINLAYAN/ÜRETEN KURULUŞUN ÜLKE KODU
ISO country code tu
050 ## - SINIFLAMA ve YER NUMARASI
Sınıflama Numarası BF724
Yer Numarası .Y67 1986
100 1# - KİŞİ ADI
Yazar Adı (Kişi adı) Yörükoğlu, Atalay.
245 1# - ESER ADI BİLDİRİMİ
Başlık Gençlik çağı: ruh sağlığı ve ruhsal sorunları/
Sorumluluk Bildirimi Atalay Yörükoğlu ; Atalay Yörükoğlu.
250 ## - BASIM BİLDİRİMİ
Basım Bildirimi 12. Baskı
264 #1 - ÜRERİM, YAYIN, DAĞITIM ve TELİF BİLDİRİMİ
Yayın yeri İstanbul :
Yayınlayan İş Bankası Kültür Yayınları
Yayın tarihi 1986
300 ## - FİZİKSEL TANIMLAMA
Sayfa, Cilt vb. 312 sayfa; 20 cm
336 ## - İÇERİK TÜRÜ
Content type term metin
Content type code txt
Source rdacontent
337 ## - MEDYA TÜRÜ
Media type term aracısız
Media type code n
Source rdamedia
338 ## - TAŞIYICI TÜRÜ
Carrier type term cilt
Carrier type code nc
Source rdacarrier
490 1# - DİZİ BİLDİRİMİ
Dizi Bildirimi İş Bankası Kültür yayınları genel yayın no ;
Cilt Numarası 189.
490 1# - DİZİ BİLDİRİMİ
Dizi Bildirimi Sosyal ve Felsefi Eserler dizisi ;
Cilt Numarası 18
500 ## - GENEL NOT
Genel Not Kaynakça ve dizin var.
650 #0 - KONU BAŞLIĞI EK GİRİŞ - KONU TERİMİ
Konusal terim veya coğrafi ad Adolescent psychology.
9 (RLIN) 39124
830 1# - SERİ EK GİRİŞİ - TEKBİÇİM ESER ADI
Tekbiçim Başlık İş Bankası Kültür yayınları genel yayın no ;
Volume number/sequential designation 189.
9 (RLIN) 122573
830 1# - SERİ EK GİRİŞİ - TEKBİÇİM ESER ADI
Tekbiçim Başlık Sosyal ve Felsefi Eserler dizisi ;
Volume number/sequential designation 18
9 (RLIN) 30880
942 ## - EK GİRİŞ ÖGELERİ (KOHA)
Source of classification or shelving scheme Library of Congress Classification
Koha item type Book
Holdings
Materyal Türü Kalıcı Konum Mevcut Konum Sınıflandırma Kaynağı Edinim Bilgisi Ana Konular Alt Konular Yer Numarası Demirbaş Numarası Fatura Tarihi Geri Çekilme Durumu Kayıp Durumu Hasarlı Durumu Kredi için değil Kayıt Tarih Toplam Ödünçverme Son Görülme Tarihi Son Kontrol Tarihi Genel / Bağış Notu
Book BŞEÜ Söğüt MYO Kütüphanesi BŞEÜ Söğüt MYO Kütüphanesi Library of Congress Classification Bağış FELSEFE, PSİKOLOJİ, DİN Psikoloji BF724 .Y67 1986 0065288 02/02/2026         29/01/2020   05/03/2025 05/03/2025 Genel Bağış